Khía cạnh kinh tế của pháp triển nông nghiệp

Uloženo v:
Podrobná bibliografie
Hlavní autor: John W Mellot
Médium: Kniha
Jazyk:Undetermined
Vydáno: Sài Gòn Hiện đại 1972
Témata:
Tagy: Přidat tag
Žádné tagy, Buďte první, kdo otaguje tento záznam!
Thư viện lưu trữ: Trung tâm Học liệu Trường Đại học Cần Thơ
LEADER 00564nam a2200181Ia 4500
001 CTU_5832
008 210402s9999 xx 000 0 und d
082 |a 338.1 
082 |b M527 
100 |a John W Mellot 
245 0 |a Khía cạnh kinh tế của pháp triển nông nghiệp 
245 0 |c John W Mellot 
260 |a Sài Gòn 
260 |b Hiện đại 
260 |c 1972 
650 |a agriculture - economic aspects,farm management 
904 |i Nguyễn Quang Điền, 960731 
980 |a Trung tâm Học liệu Trường Đại học Cần Thơ